Normal view
MARC view
Entry Personal Name
001 - CONTROL NUMBER
- control field: 85831
003 - CONTROL NUMBER IDENTIFIER
- control field: dpl
005 - DATE AND TIME OF LATEST TRANSACTION
- control field: 20251201152755.0
008 - FIXED-LENGTH DATA ELEMENTS
- fixed length control field: 251201|| aca||aabn | a|a d
040 ## - CATALOGING SOURCE
- Original cataloging agency: dpl
- Transcribing agency: dpl
100 ## - HEADING--PERSONAL NAME
- Personal name: फुलवारिया,अशोक(ए.एफ.नजर)
670 ## - SOURCE DATA FOUND
- Source citation: Work cat.: (dpl)209831: फुलवारिया,अशोक(ए.एफ.नजर), कविता के नए प्रतिमान :, 2024
